| 000 | 01179nam a2200337 a 4500 | ||
|---|---|---|---|
| 001 | 1489312 | ||
| 003 | CO-ViMGA | ||
| 005 | 20230915233615.0 | ||
| 008 | 150714s2014 ck gr 0001f spa d | ||
| 020 | _a9789585828384 | ||
| 040 |
_aCO-ViMGA _bspa _cCO-ViMGA |
||
| 041 | 1 | _heng | |
| 043 | _an-us--- | ||
| 082 | 0 | 4 |
_a813.5 _bR46h1 _219 |
| 100 | 1 |
_aRiordan, Rick, _d1964- _91158 |
|
| 245 | 1 | 3 |
_aEl hijo de Neptuno / _cRick Riordan ; traducción de Ignacio Gom̤ez Calvo. |
| 260 |
_aBogota :̀ _bMontena, _c2014. |
||
| 300 |
_a459 páginas ; _c21 cm. |
||
| 490 | 0 |
_aHéroes del Olimpo ; _v2 |
|
| 490 | 1 | _aSerie Infinita | |
| 534 |
_pTítulo original : _tHeroes of the olympus 2: the son of Neptune. |
||
| 650 | 1 | 4 |
_aGaia (Deidad griega) _v Novela juvenil. _91161 |
| 650 | 1 | 4 |
_aProfecías _v Novela juvenil. _91164 |
| 650 | 1 | 4 |
_aHera (Deidad griega) _v Novela juvenil. _91160 |
| 650 | 1 | 4 |
_aMitología griega _v Novela juvenil. _91159 |
| 650 | 1 | 4 |
_aMitología romana _v Novela juvenil. _91163 |
| 650 | 1 | 4 |
_aMonstruos _v Novela juvenil. _91162 |
| 650 | 1 | 4 |
_aNovela juvenil estadounidense. _91134 |
| 700 | 1 |
_aGom̤ez Calvo, Ignacio, _etraductor. _91165 |
|
| 942 |
_2ddc _cBK |
||
| 999 |
_c37371 _d37371 |
||